Year 2000 personal computer fix-it guide / (Record no. 9933)
[ view plain ]
| 000 -LEADER | |
|---|---|
| fixed length control field | 01149nam a22002895a 4500 |
| 008 - FIXED-LENGTH DATA ELEMENTS--GENERAL INFORMATION | |
| fixed length control field | 150827t1999 ma a|||fr|||| 001 0 eng d |
| 020 ## - INTERNATIONAL STANDARD BOOK NUMBER | |
| International Standard Book Number | 1886801940 |
| 020 ## - INTERNATIONAL STANDARD BOOK NUMBER | |
| International Standard Book Number | 1886801940 (pbk.) |
| 020 ## - INTERNATIONAL STANDARD BOOK NUMBER | |
| International Standard Book Number | 9781886801943 |
| 040 ## - CATALOGING SOURCE | |
| Original cataloging agency | EG-ScBuE |
| Language of cataloging | eng |
| Transcribing agency | EG-ScBuE |
| 082 04 - DEWEY DECIMAL CLASSIFICATION NUMBER | |
| Classification number | 005.16 |
| Item number | YEA |
| Edition number | 22 |
| 245 00 - TITLE STATEMENT | |
| Title | Year 2000 personal computer fix-it guide / |
| Statement of responsibility, etc | JD Consulting. |
| 246 3# - VARYING FORM OF TITLE | |
| Title proper/short title | personal computer fix-it guide |
| 260 ## - PUBLICATION, DISTRIBUTION, ETC. (IMPRINT) | |
| Place of publication, distribution, etc | Rockland : |
| Name of publisher, distributor, etc | Charles River Media, |
| Date of publication, distribution, etc | c.1999. |
| 300 ## - PHYSICAL DESCRIPTION | |
| Extent | xxvi, 412 p. : |
| Other physical details | ill. ; |
| Dimensions | 24 cm. + |
| Accompanying material | 1 computer laser optical disc (4 3/4 in.) |
| 500 ## - GENERAL NOTE | |
| General note | Index : p. 409-412. |
| 500 ## - GENERAL NOTE | |
| General note | CD-ROM contains a collection of software that can be used in fixing Year 2000 problems. |
| 538 ## - SYSTEM DETAILS NOTE | |
| System details note | System requirements for CD-ROM: either DOS, Windows 3.1, Windows 95, Windows 98, or Windows NT; CD-ROM drive; 4 MB RAM. |
| 590 ## - LOCAL NOTE (RLIN) | |
| Local note | yassmeen ashraf |
| 650 #0 - SUBJECT ADDED ENTRY--TOPICAL TERM | |
| Topical term or geographic name as entry element | Software maintenance. |
| Source of heading or term | BUEsh |
| 650 #0 - SUBJECT ADDED ENTRY--TOPICAL TERM | |
| Topical term or geographic name as entry element | Year 2000 date conversion (Computer systems) |
| Source of heading or term | BUEsh |
| 650 #0 - SUBJECT ADDED ENTRY--TOPICAL TERM | |
| Topical term or geographic name as entry element | Microcomputers |
| General subdivision | Maintenance and repair. |
| Source of heading or term | BUEsh |
| 651 ## - SUBJECT ADDED ENTRY--GEOGRAPHIC NAME | |
| Source of heading or term | BUEsh |
| 653 ## - INDEX TERM--UNCONTROLLED | |
| Resource For college | Informatics and Computer Science |
| Arrived date list | August2015 |
| 710 2# - ADDED ENTRY--CORPORATE NAME | |
| Corporate name or jurisdiction name as entry element | JD Consulting. |
| 942 ## - ADDED ENTRY ELEMENTS (KOHA) | |
| Item type | Book - Borrowing |
| Call number prefix | 005.16 YEA |
| Source of classification or shelving scheme | Dewey Decimal Classification |
| Withdrawn status | Item status | Damaged status | Not for loan | Home library | Current library | Shelving location | Date acquired | Source of acquisition | Total Checkouts | Full call number | Barcode | Date last seen | Koha item type | Source of classification or shelving scheme | Materials specified (bound volume or other part) | Vendor |
|---|---|---|---|---|---|---|---|---|---|---|---|---|---|---|---|---|
| Central Library | Central Library | Lower Floor | 18/06/2008 | Purchase | 005.16 YEA | 000005840 | 15/07/2025 | Book - Borrowing | ||||||||
| Lost | Central Library | Central Library | Lower Floor | 18/06/2008 | 005.16 YEA | 000012263 | 11/09/2013 | CD | DVD - With book | Dewey Decimal Classification | Lost In Inventory_2015-8-23 |